|
|
|
|
| LEADER |
00000nam a2200000Ia 4500 |
| 008 |
160517b2010 C a|||| |||| 00| | spa d |
| 020 |
|
|
|a 9789968527132
|
| 090 |
|
|
|a 14.02.03
|b 1838
|
| 100 |
1 |
|
|9 252
|a Villarreal Montoya, Ana Lucía
|
| 245 |
1 |
0 |
|a Apropiándonos de nuestra vida /
|c Ana Lucía Villarreal Montoya, Lilliana León Zúñiga
|
| 260 |
|
|
|a San José, Costa Rica.:
|b INIE,
|c 2010
|
| 300 |
|
|
|a 19 páginas;
|b ilustraciones
|
| 490 |
|
|
|a Colección Yigüirro
|
| 500 |
|
|
|a Producto de Proyecto de Investigación "Pedagogía para la vida. Desarrollar y documentar procesos pedagógicos desde una perspectiva holística
|
| 650 |
1 |
4 |
|a MUJERES
|9 55
|
| 650 |
1 |
4 |
|a ASPECTOS SOCIALES
|9 576
|
| 650 |
1 |
4 |
|a ESTILOS DE VIDA
|9 1765
|
| 650 |
1 |
4 |
|a RELATOS PERSONALES
|9 422
|
| 650 |
1 |
4 |
|a VIDA COTIDIANA
|9 597
|
| 700 |
1 |
|
|a León Zúñiga, Lilliana
|9 767
|
| 942 |
|
|
|i 003580
|h 14.02.03 1838
|2 z
|c 01
|
| 999 |
|
|
|c 603
|d 603
|